=LDR 00000nam 2200000 4500 =001 $a INLIS000000000008380 =005 $a 20260604110124 =008 $a 260604################g##########0#ind## =022 ##$$a 978-602-776-349-4 =035 ##$$a 0010-0626000007 =082 ##$$a 639.39952 =084 ##$$a 639.39952 ALE k =100 #$$a Alex S. =245 ##$$a Kaya dari bisnis tokek : $b panduan lengkap budidaya tokek $c Alex S. =246 ##$$a =260 ##$$a Yogyakarta $b Pustaka Baru Press $c 2012 =300 ##$$a viii, 160 hlm. $b ilus. $c 20 cm $d =336 ##$$a =337 ##$$a =338 ##$$a =500 #$$a Seri Peternakan Modern =504 #$$a Bibliografi: hlm. 133–134 =650 #$$a Reptil =650 #$$a Tokek =700 #$$a =740 ##$$a =856 ##$$a =Wor $a 1